Gaming Quiz

Random Gaming or Nintendo Quiz

Nintendo Series by Villains Quiz Stats

 Plays Quiz Updated Apr 4, 2019

Score 0/30 Timer 09:00
5 Plays Today
Villains Series % Correct
King Boo, Wart, BowserSuper Mario series
92.4%
Ridley, SA-X, Mother BrainMetroid series
55.2%
Vaati, Majora, GanonThe Legend of Zelda series
53.2%
Ghastly King, Tiki Tong, King K. RoolDonkey Kong Country series
50.7%
Marx, King Dedede, 02Kirby series
46.2%
Cyrus, Ghetsis, GiovanniPokémon series
45.4%
Galleom, Tabuu, Master HandSuper Smash Bros. series
44.9%
Crazy Redd, Serena, Tom NookAnimal Crossing series
39.3%
Aparoid Queen, Emperor Anglar, AndrossStar Fox series
34.1%
Mr. Sandman, Nick Bruiser, Mr. DreamPunch-Out!! series
34.1%
Emperor Bulblax, Smoky Progg,
Titan Dweevil
Pikmin series
28.1%
Medusa, Orcos, HadesKid Icarus series
27.4%
Giygas, Pokey Minch, Masked ManMother/Earthbound series
25.2%
Black Shadow, Deathborn,
Samurai Goroh
F-Zero series
24.9%
Medeus, Nergal, AshnardFire Emblem series
18.2%
Villains Series % Correct
Saturos, Karst, ArcanusGolden Sun series
13.6%
Overheated Engines, Super Monster Truck, Crystal Cup NebulaExcite series
12.7%
Ted Rumsworth, Archie Hubbs,
Obedience Trials
Nintendogs series
12.2%
Bones Haywood, Dion Blaster,
Avalanche Alley
1080 Snowboarding series
10.9%
Captain Syrup, Shake King, Rudy the ClownWario Land series
10.7%
C-Serpent, Yum-Yum, Prime Invader ZodaStarTropics series
10.5%
Dr. Lobe, 'Think' Puzzles, Small Brain MassBig Brain Academy series
10%
Smoglings, Miasmo, Queen SpydorChibi-Robo series
8.2%
Kaiser Vlad, Mr. Yamamoto,
Commander Sturm
Nintendo Wars series
7.5%
Everyday Crises, Rival Cheer Squad,
Rhombulan Invasion
Ouendan/Elite Beat Agents series
5.2%
David Mariner, Serena del Mar,
Strongwater Keep
Wave Race series
5%
Jameson, Hadron, RahuCustom Robo series
2.4%
Konk, Ogura, MashtoothThe Legendary Starfy series
2.4%
Big Al, Meca-Hawk, The EVIL SyndicatePilotwings series
2.4%
Earth Mimicry, Commander Deko,
The Nebulox
Sin and Punishment series
2.2%

You're not logged in!

Compare scores with friends on all Sporcle quizzes.
OR
Log In

Sporcle TV

Today on Sporcle TV


Watch our educational content, quiz creation guides, and fun videos on Sporcle TV.

Show Comments

Extras

Top Quizzes Today


Score Distribution

Your Account Isn't Verified!

In order to create a playlist on Sporcle, you need to verify the email address you used during registration. Go to your Sporcle Settings to finish the process.

Report this User

Report this user for behavior that violates our Community Guidelines.

Details: